| 000 | 00801nam a2200289Ia 4500 | ||
|---|---|---|---|
| 008 | 170711s9999 xx 000 0 und d | ||
| 020 | _a9781414339443 | ||
| 050 | _a248.86 | ||
| 050 | _bB832 2010 | ||
| 100 | _aBrees, Drew | ||
| 245 | _aComing back stronger : | ||
| 245 | _bunleashing the hidden power of adversity : a memoir / | ||
| 245 | _cby Drew Brees and Chris Fabry ; foreword by Mark Brunell. | ||
| 260 | _aUSA : | ||
| 260 | _bTyndale, | ||
| 260 | _c2010 | ||
| 300 | _axxiii, 303 pages : | ||
| 300 | _billustrations ; | ||
| 300 | _c21cm. | ||
| 650 | _aFootball players -- | ||
| 650 | _aSuffering -- | ||
| 650 | _xReligious aspects -- Christianity. | ||
| 650 | _xUnited States -- Biography. | ||
| 700 | _aBrunell, Mark. | ||
| 700 | _aFabry, Chris. | ||
| 700 | _aTitle. | ||
| 999 |
_c339625 _d339625 |
||